| 000 | 01118cam a22002774a 4500 | ||
|---|---|---|---|
| 001 | 13745132 | ||
| 005 | 20241107201136.0 | ||
| 008 | 041008s2004 nyua 001 0 eng c | ||
| 020 | _a9780072979886 | ||
| 020 | _a9780072979887 | ||
| 050 | 0 | 0 |
_aKF1446 _b.L36 2004 |
| 082 | 0 | 0 |
_a346.73/0666 _222 |
| 100 | 1 | _aLander, Guy P. | |
| 245 | 1 | 0 |
_aWhat is Sarbanes-Oxley? / _cGuy P. Lander. |
| 260 |
_aNew York : _bMcGraw Hill, _cc2004. |
||
| 300 |
_axiv, 114 p. : _bill. ; _c23 cm. |
||
| 500 | _aIncludes index. | ||
| 650 | 0 |
_aCorporations _xAccounting _xLaw and legislation _zUnited States. |
|
| 650 | 0 |
_aFinancial statements _xLaw and legislation _zUnited States. |
|
| 650 | 0 |
_aDirectors of corporations _xLegal status, laws, etc. _zUnited States. |
|
| 650 | 0 |
_aDisclosure of information _xLaw and legislation _zUnited States. |
|
| 650 | 0 |
_aCorporate governance _xLaw and legislation _zUnited States. |
|
| 856 | 4 | 2 |
_3Publisher description _uhttp://www.loc.gov/catdir/description/mh051/2004558553.html |
| 856 | 4 | 2 |
_3Contributor biographical information _uhttp://www.loc.gov/catdir/bios/mh051/2004558553.html |
| 942 |
_2lcc _cBK _n0 |
||
| 999 |
_c844 _d844 |
||